<?xml version="1.0" encoding="UTF-8"?>
<record
    xmlns:xsi="http://www.w3.org/2001/XMLSchema-instance"
    xsi:schemaLocation="http://www.loc.gov/MARC21/slim http://www.loc.gov/standards/marcxml/schema/MARC21slim.xsd"
    xmlns="http://www.loc.gov/MARC21/slim">

  <leader>     nam a22     7a 4500</leader>
  <datafield tag="999" ind1=" " ind2=" ">
    <subfield code="c">336768</subfield>
    <subfield code="d">336768</subfield>
  </datafield>
  <controlfield tag="003">IT-MiCISF</controlfield>
  <controlfield tag="005">20170908164734.0</controlfield>
  <controlfield tag="008">170908b        xxu||||| |||| 00| 0 eng d</controlfield>
  <datafield tag="040" ind1=" " ind2=" ">
    <subfield code="c">IT-MiCISF</subfield>
  </datafield>
  <datafield tag="041" ind1=" " ind2=" ">
    <subfield code="a">it</subfield>
  </datafield>
  <datafield tag="100" ind1=" " ind2=" ">
    <subfield code="a">Carrozzino Michela, Ruffinato Piera (a cura di)</subfield>
    <subfield code="9">56570</subfield>
  </datafield>
  <datafield tag="245" ind1=" " ind2=" ">
    <subfield code="a">Uguaglianze difficili e mondi della disabilit&#xE0;</subfield>
    <subfield code="b">Atti del sesto Congresso Internazionale, Milano, 19-21 ottobre 2015</subfield>
  </datafield>
  <datafield tag="260" ind1=" " ind2=" ">
    <subfield code="a">Roma</subfield>
    <subfield code="b">Associazione mediterraneo senza handicap</subfield>
    <subfield code="c">2017</subfield>
  </datafield>
  <datafield tag="300" ind1=" " ind2=" ">
    <subfield code="a">pp. 460</subfield>
  </datafield>
  <datafield tag="500" ind1=" " ind2=" ">
    <subfield code="a">handicap, societ&#xE0;, cultura, comparazione, scuola, educazione, infanzia, donna, esperienze</subfield>
  </datafield>
  <datafield tag="520" ind1=" " ind2=" ">
    <subfield code="a">Il Congresso Internazionale Uguaglianze difficili e mondi della disabilit&#xE0; che si &#xE8; svolto a Milano dal 19 al 21 ottobre 2015 &#xE8; stata una preziosa occasione per riflettere non solo su alcuni universali mondi della disabilit&#xE0; quali l&#x2019;educazione, la famiglia, il lavoro, la riabilitazione, ma anche su altri mondi spesso nascosti e dimenticati quali sono i contesti di guerra e di conflitto. La logica inclusiva e valorizzante che ha caratterizzato le riflessioni congressuali, ha fatto dell&#x2019;evento un&#x2019;occasione di incontro e di confronto, ma anche di unificazione tra diversi mondi della cultura, delle esperienze e dei linguaggi. Una prova che &#xE8; possibile trovare uno sguardo comune che permetta di lavorare insieme per contribuire alla trasformazione delle uguaglianze difficili in uguaglianze possibili.</subfield>
  </datafield>
  <datafield tag="650" ind1=" " ind2=" ">
    <subfield code="a">handicap</subfield>
    <subfield code="9">56194</subfield>
  </datafield>
  <datafield tag="654" ind1=" " ind2=" ">
    <subfield code="a">atti</subfield>
  </datafield>
  <datafield tag="700" ind1=" " ind2=" ">
    <subfield code="a">Anelli F.</subfield>
    <subfield code="a">Armani S.</subfield>
    <subfield code="a">Baldi S.</subfield>
    <subfield code="a">Ballarino F.</subfield>
    <subfield code="a">Baloh B.</subfield>
    <subfield code="a">Baschiera B.</subfield>
    <subfield code="a">Belletti F.</subfield>
    <subfield code="a">Ben Ali M.</subfield>
    <subfield code="a">Bertin G.</subfield>
    <subfield code="a">Biasco L.</subfield>
    <subfield code="a">Braghini A.</subfield>
    <subfield code="a">Brojcin B.</subfield>
    <subfield code="a">Calleja C.</subfield>
    <subfield code="a">Camara T.</subfield>
    <subfield code="a">Capozza F.</subfield>
    <subfield code="a">Caracciolo P.</subfield>
    <subfield code="9">56571</subfield>
  </datafield>
  <datafield tag="942" ind1=" " ind2=" ">
    <subfield code="2">ddc</subfield>
    <subfield code="c">BK</subfield>
  </datafield>
  <datafield tag="952" ind1=" " ind2=" ">
    <subfield code="0">0</subfield>
    <subfield code="1">0</subfield>
    <subfield code="2">ddc</subfield>
    <subfield code="4">0</subfield>
    <subfield code="6">B_7386_000000000000000</subfield>
    <subfield code="7">1</subfield>
    <subfield code="a">CISF</subfield>
    <subfield code="b">CISF</subfield>
    <subfield code="d">2017-09-08</subfield>
    <subfield code="l">0</subfield>
    <subfield code="o">b7386</subfield>
    <subfield code="p">9788866714224</subfield>
    <subfield code="r">2017-09-08 00:00:00</subfield>
    <subfield code="w">2017-09-08</subfield>
    <subfield code="y">BK</subfield>
  </datafield>
</record>
